LDR 00925naa#a2200169#i#450# 001 RU\\bibl\121427 005 20260516184554.6 011 ## _a1994-4683 100 ## _a20230531b2023####ek#y0rusy0150####ca 102 ## _aRU 200 1# _aФОРМИРОВАНИЕ СОГЛАСОВАННОСТИ ДЕЙСТВИЙ ГРЕБЦОВ НА ШЛЮПКАХ ЯЛ-6 С ИСПОЛЬЗОВАНИЕМ ТРЕНИРОВОЧНОГО УСТРОЙСТВА ДЛЯ ПАРНОЙ СЦЕПКИ СПОРТСМЕНОВ _eЖурнальная статья 210 1# _aМосква _cНациональный государственный Университет физической культуры, спорта и здоровья им. П.Ф. Лесгафта _d2023 215 ## _a5 с. 608 ## _aЖурнальная статья _2local 675 ## _aГребной спорт. Гребля. 797.12 _z 700 #1 _aКрупнов _gА Е 856 4# _auchzapiski.lesgaft.spb.ru _u